000
00195 a2200097 4500
001
16316
100
_a
S A E
245
_a
Fatigue Design Handbook
260
_a
_b
S A E
_c
090
_c
12489
_d
12489
942
_a
NUST-CAE
_c
M
_c
2768
999
_c
251389
_d
251389